|
|
|
|
| LEADER |
01931nam a2200313 a 4500 |
| 001 |
00015712 |
| 003 |
BD-DhAAL |
| 008 |
090511s2003 enka b 001 0 eng d |
| 010 |
|
|
|a \\2002027448
|
| 020 |
|
|
|a 0470843721 (cloth : alk. paper)
|
| 020 |
|
|
|a 047084373X (pbk. : alk. paper)
|
| 040 |
|
|
|a DLC
|c DLC
|d DLC
|d BD-DhAAL
|
| 082 |
0 |
0 |
|a 628.5
|2 21
|
| 100 |
1 |
|
|a Evans, Gareth
|q (Gareth M.)
|9 57866
|
| 245 |
1 |
0 |
|a Environmental biotechnology :
|b theory and application /
|c Gareth M. Evans, Judith C. Furlong.
|
| 260 |
|
|
|a Chichester, West Sussex, England ;
|a Hoboken, NJ, USA :
|b J. Wiley,
|c c2003.
|
| 300 |
|
|
|a xii, 285 p. :
|b ill. ;
|c 25 cm
|
| 504 |
|
|
|a Includes bibliographical references (pages [279]-280) and index.
|
| 526 |
|
|
|a MNS
|x Iftekhar Mohammad Shafiqul Kalam
Faculty member of Mathematics and Natural Sciences (MNS).
|
| 541 |
1 |
|
|e 00015712, 00016989
|a Paragon Enterprises LTD
|
| 650 |
|
0 |
|a Bioremediation.
|9 38556
|
| 700 |
1 |
|
|a Furlong, Judith C.
|9 57867
|
| 852 |
4 |
|
|a Ayesha Abed Library
|c General Stacks
|
| 942 |
|
|
|2 ddc
|c BK
|
| 999 |
|
|
|c 552
|d 552
|
| 952 |
|
|
|0 0
|1 0
|2 ddc
|4 1
|6 628_500000000000000_EVA_2003
|7 0
|9 502
|a BRACUL
|b BRACUL
|c SPS
|d 2009-05-11
|g 0.00
|l 2
|m 7
|o 628.5 EVA
|p 3010015712
|r 2014-03-15
|s 2014-01-22
|t 1
|w 2009-05-11
|y BK
|x No price found in the accession register.
|
| 952 |
|
|
|0 0
|1 0
|2 ddc
|4 1
|6 628_500000000000000_EVA_2003
|7 0
|9 10745
|a BRACUL
|b BRACUL
|c SPS
|d 2010-06-08
|l 2
|m 39
|o 628.5 EVA
|p 3010015713
|r 2016-12-11
|s 2016-06-05
|t 2
|w 2010-06-08
|y BK
|
| 952 |
|
|
|0 0
|1 0
|2 ddc
|4 0
|6 628_500000000000000_EVA_2003
|7 0
|9 10746
|a BRACUL
|b BRACUL
|c GEN
|d 2010-06-08
|e Paragon Enterprises LTD
|g 3965.00
|l 12
|m 86
|o 628.5 EVA
|p 3010016989
|r 2026-02-01
|s 2026-01-10
|t 3
|w 2010-06-08
|y BK
|x Requisitioned by Iftekhar Mohammad Shafiqul Kalam, Faculty member of Mathematics and Natural Sciences (MNS).
|
| 952 |
|
|
|0 0
|1 0
|2 ddc
|4 0
|6 628_500000000000000_EVA_2003
|7 0
|9 18646
|a BRACUL
|b BRACUL
|c GEN
|d 2011-11-23
|l 9
|m 40
|o 628.5 EVA
|p 3010015714
|r 2025-02-12
|s 2025-02-08
|t 4
|w 2011-11-23
|y BK
|